A Specialty Conference on the User and Fabric Filtration Equipment III, October 1-3, 1978, the Ramada Inn, Niagara Falls, New York : [proceedings] /

Bibliographic Details
Corporate Authors: Specialty Conference on the User and Fabric Filtration Equipment Niagara Falls, N.Y., Air Pollution Control Association. Niagara Frontier Section, Air Pollution Control Association. Technical Council, Air Pollution Control Association
Format: Conference Proceeding Book
Language:English
Published: [Pittsburgh?] : Air Pollution Control Association, [1978]
Subjects:

MARC

Tag First Indicator Second Indicator Subfields
LEADER 00000cam a2200000 i 4500
001 in00000081779
005 20151008054142.0
008 800325s1978 paua b 10100 eng d
035 |a (OCoLC)06126085 
035 |9 AAH9794AM 
040 |a HBS  |c HBS  |d m.c.  |d TXA  |d UtOrBLW 
049 |a TXAM  |c [1803509] 
090 |a TD884.5  |b .S7 1978 
111 2 |a Specialty Conference on the User and Fabric Filtration Equipment  |n (3rd :  |d 1978 :  |c Niagara Falls, N.Y.) 
245 1 2 |a A Specialty Conference on the User and Fabric Filtration Equipment III, October 1-3, 1978, the Ramada Inn, Niagara Falls, New York :  |b [proceedings] /  |c edited by the Air Pollution Control Association ; [edited by Edward R. Frederick]. 
264 1 |a [Pittsburgh?] :  |b Air Pollution Control Association,  |c [1978] 
264 4 |c ©1978 
300 |a x, 207 pages :  |b illustrations ;  |c 24 cm. 
336 |a text  |b txt  |2 rdacontent 
337 |a unmediated  |b n  |2 rdamedia 
338 |a volume  |b nc  |2 rdacarrier 
500 |a On spine: The user and fabric filtration equipment III. 
500 |a "Sponsored by the Niagara Frontier Section and the Technical Council of the Air Pollution Control Association." 
504 |a Includes bibliographical references and index. 
650 0 |a Flue gases  |x Purification  |x Congresses. 
650 0 |a Filters and filtration  |v Congresses. 
710 2 |a Air Pollution Control Association.  |b Niagara Frontier Section. 
710 2 |a Air Pollution Control Association.  |b Technical Council. 
710 2 |a Air Pollution Control Association. 
740 4 |a The user and fabric filtration equipment III. 
999 |a MARS 
999 f f |s 56eaca77-9d29-3240-b27f-8cdbf9322657  |i d5c5e5aa-995d-3ac2-b4db-4053a6746547  |t 0 
952 f f |p ric  |a Texas A&M University  |b Rellis Campus  |c Joint Library Facility  |d Remote Storage  |t 0  |e TD884.5 .S7 1978  |h Library of Congress classification  |i unmediated -- volume  |m A14806245663 
998 f f |a TD884.5 .S7 1978  |t 0  |l Remote Storage